000 01402cam a22004334i 4500
003 PE-LiUPU
005 20250731173546.0
008 150616s r 000 0 d
035 _a(Sirsi) a9295
040 _aPE-LiUPU
_bspa
_cPE-LiUPU
_erda
049 _aPRUA
082 0 4 _a229.21
_bM45
_221
100 1 _aMetzger, Bruce M.,
_eautor.
245 1 3 _aAn introduction to the Apocrypha /
_cBruce M. Metzger.
264 1 _aNew York :
_bOxford University Press,
_c1957.
300 _a274 páginas ;
_c22 cm.
336 _atext
_2rdacontent
337 _aunmediated
_2rdamedia
338 _avolume
_2rdacarrier
526 _aSEG42
526 _aSEG41
526 _aSEG40
526 _aSEG39
526 _aP94
526 _aP87
526 _aP86
526 _aP85
526 _aP77
526 _aP76
526 _aP35
630 0 4 _aBiblia.
_pA.T.
_pApócrifos
_xIntroducciones.
910 _ajck
_bjvq
_cjck
942 _2ddc
_cBOOK
949 _a229.21 M45
_wDEWEY
_c1
_i36576
_lCCODEBUL1
_mBUL
_p00.00
_r0
_sY
_tBOOK
_u2015-04-23
_xBIBLIOTECA
_zUNKNOWN
_0COMPRA
_o.STAFF. Colección General
994 _aC0
_bPEPRU
596 _a1
999 _a229.21 M45
_wDEWEY
_c60731
_i36576
_d60731
_e2016-5-23
_f2021-11-11
_g5
_lCCODEBUL1
_mBUL
_n1
_r0
_sY
_tBOOK
_u2015-4-23
_xTEOLOGIA
_zUNKNOWN
_0COMPRA
_o.STAFF. Colección General
980 _81
_gALBERTO SANCHEZ Responsable de Automatización